[Event "Edmonton-ch"]
[Site "Edmonton"]
[Date "2019.01.31"]
[Round "2.2"]
[White "Sequillion, Aaron"]
[Black "Valencia, Belsar"]
[Result "0-1"]
[WhiteElo "2025"]
[BlackElo "2346"]
[PlyCount "56"]
[EventDate "2019.01.10"]
[EventType "swiss"]
[EventRounds "4"]
[EventCountry "CAN"]
[SourceTitle "EXT 2022"]
[Source "ChessBase"]
[SourceDate "2021.10.06"]
[SourceVersion "1"]
[SourceVersionDate "2021.10.06"]
[SourceQuality "1"]

1. e4 c5 2. Nf3 Nc6 3. Nc3 d6 4. d4 cxd4 5. Nxd4 Nf6 6. f3 e5 7. Nb3 Be7 8. Be3 0-0 9. Qd2 Be6 10. 0-0-0 a5 11. Qf2 Qc8 12. Na4 Nd7 13. Kb1 f5 14. Qe2 fxe4 15. fxe4 Nb4 16. c3 Qc6 17. cxb4 Qxa4 18. Qb5 Qxb4 19. Qxb4 axb4 20. Nc1 Nf6 21. Bd3 Ng4 22. Bb6 Nf2 23. Bxf2 Rxf2 24. Rhg1 Bg5 25. Bc2 Bxc1 26. Kxc1 Rxa2 27. Kb1 b3 28. Rxd6 bxc2+ 0-1

[Event "Edmonton-ch"]
[Site "Edmonton"]
[Date "2019.01.24"]
[Round "2.1"]
[White "Valencia, Belsar"]
[Black "Sequillion, Aaron"]
[Result "1/2-1/2"]
[WhiteElo "2346"]
[BlackElo "2025"]
[PlyCount "77"]
[EventDate "2019.01.10"]
[EventType "swiss"]
[EventRounds "4"]
[EventCountry "CAN"]
[SourceTitle "EXT 2022"]
[Source "ChessBase"]
[SourceDate "2021.10.06"]
[SourceVersion "1"]
[SourceVersionDate "2021.10.06"]
[SourceQuality "1"]

1. c4 Nf6 2. Nc3 g6 3. g3 Bg7 4. Bg2 0-0 5. d4 d6 6. Nf3 Nbd7 7. 0-0 e5 8. h3 Re8 9. e4 exd4 10. Nxd4 a6 11. Rb1 c5 12. Nc2 Ne5 13. Ne3 Nc6 14. a3 Rb8 15. b4 Nd4 16. bxc5 dxc5 17. a4 Bd7 18. f4 Bc6 19. e5 Nd7 20. Bxc6 bxc6 21. Rxb8 Qxb8 22. Ne2 Nxe2+ 23. Qxe2 Qb3 24. Qd1 Qb7 25. Qd2 f6 26. Rd1 Nf8 27. Ng4 fxe5 28. Nxe5 Qb3 29. Qd3 Qxd3 30. Rxd3 Bxe5 31. fxe5 Rxe5 32. Bf4 Re4 33. Rd8 Kf7 34. Bd6 Ne6 35. Ra8 Rxc4 36. Rxa6 Nd4 37. Bf4 Ne2+ 38. Kg2 Nxf4+ 39. gxf4 1/2-1/2

[Event "Edmonton-ch"]
[Site "Edmonton"]
[Date "2019.01.10"]
[Round "1.1"]
[White "Sequillion, Aaron"]
[Black "Koperski, Dustin"]
[Result "1-0"]
[WhiteElo "2025"]
[BlackElo "1927"]
[PlyCount "79"]
[EventDate "2019.01.10"]
[EventType "swiss"]
[EventRounds "4"]
[EventCountry "CAN"]
[SourceTitle "EXT 2022"]
[Source "ChessBase"]
[SourceDate "2021.10.06"]
[SourceVersion "1"]
[SourceVersionDate "2021.10.06"]
[SourceQuality "1"]

1. c4 c5 2. Nc3 Nc6 3. g3 g6 4. Bg2 Bg7 5. e4 e5 6. Nge2 Nge7 7. 0-0 0-0 8. d3 d6 9. a3 a5 10. Rb1 Be6 11. Nd5 Bxd5 12. cxd5 Nd4 13. f4 Nxe2+ 14. Qxe2 f5 15. fxe5 Bxe5 16. Bh6 Rf7 17. Bh3 Qe8 18. Kg2 Bd4 19. Rbe1 Qd7 20. g4 Bg7 21. gxf5 gxf5 22. Bg5 Bf6 23. Bxf5 Nxf5 24. Rxf5 Rg7 25. Rxf6 Rxg5+ 26. Kh1 Rg6 27. Ref1 Rxf6 28. Rxf6 Rd8 29. Qh5 Qg7 30. Qf5 b5 31. b3 a4 32. bxa4 bxa4 33. Qe6+ Kh8 34. Rf7 Qa1+ 35. Kg2 Rg8+ 36. Kh3 Qd4 37. Qf6+ Qxf6 38. Rxf6 Rd8 39. Kg4 Kg7 40. Kf5 1-0

[Event "Banff op"]
[Site "Banff"]
[Date "2016.11.12"]
[Round "4"]
[White "Malek, Omid"]
[Black "Sequillion, Aaron"]
[Result "1-0"]
[WhiteElo "2079"]
[BlackElo "2092"]
[PlyCount "75"]
[EventDate "2016.11.11"]
[EventType "swiss"]
[EventRounds "6"]
[EventCountry "CAN"]
[SourceTitle "EXT 2018"]
[Source "ChessBase"]
[SourceDate "2017.10.13"]
[SourceVersion "1"]
[SourceVersionDate "2017.10.13"]
[SourceQuality "1"]

1. d4 g6 2. e4 Bg7 3. Nc3 e5 4. dxe5 Bxe5 5. Nf3 Bxc3+ 6. bxc3 Qe7 7. Bg5 Qxe4+ 8. Be2 Nc6 9. 0-0 Kf8 10. Rb1 f6 11. Be3 Nge7 12. c4 Nf5 13. Bc1 d6 14. Nd2 Qe7 15. Bf3 Nfd4 16. Re1 Nxf3+ 17. Nxf3 Ne5 18. Nxe5 dxe5 19. f4 e4 20. Qd4 c5 21. Qd5 Bf5 22. Ba3 Rd8 23. Bxc5 Rxd5 24. Bxe7+ Kxe7 25. cxd5 b6 26. c4 Kd6 27. Rbc1 Rc8 28. Re3 b5 29. g4 Bxg4 30. Rxe4 bxc4 31. Rexc4 Rb8 32. Rd4 Bd7 33. Rd2 Rb4 34. Rf1 Bf5 35. Rf3 Be4 36. Ra3 Rb7 37. Ra6+ Ke7 38. Re6+ 1-0

[Event "Banff op"]
[Site "Banff"]
[Date "2016.11.12"]
[Round "3"]
[White "Sequillion, Aaron"]
[Black "Tran Ly, Tristan"]
[Result "1-0"]
[WhiteElo "2092"]
[BlackElo "1964"]
[PlyCount "117"]
[EventDate "2016.11.11"]
[EventType "swiss"]
[EventRounds "6"]
[EventCountry "CAN"]
[SourceTitle "EXT 2018"]
[Source "ChessBase"]
[SourceDate "2017.10.13"]
[SourceVersion "1"]
[SourceVersionDate "2017.10.13"]
[SourceQuality "1"]

1. e4 e5 2. Nc3 Nf6 3. f4 d5 4. fxe5 Nxe4 5. d3 Qh4+ 6. g3 Nxg3 7. Nf3 Qh5 8. Bg2 Nxh1 9. Nxd5 Na6 10. Nf4 Qh6 11. Qe2 Bg4 12. Be3 Bxf3 13. Bxf3 Qh4+ 14. Kd2 c6 15. Rxh1 Bc5 16. Nh5 0-0-0 17. Nxg7 Bxe3+ 18. Qxe3 Rhg8 19. Nf5 Qg5 20. Nd6+ Rxd6 21. exd6 Qxe3+ 22. Kxe3 Kd7 23. Be4 Nc5 24. Bxh7 Rh8 25. Bf5+ Kxd6 26. h4 Ke5 27. Bg4 Ne6 28. Bxe6 Kxe6 29. Kf4 Kf6 30. h5 Kg7 31. Kg5 Rh6 32. Re1 Rf6 33. Re7 Rf2 34. Rxb7 Rg2+ 35. Kf5 Rxc2 36. h6+ Kxh6 37. Rxf7 Rf2+ 38. Ke6 Rxb2 39. Rxa7 Rd2 40. Ra3 Kg7 41. Kd6 Rc2 42. Ra4 Rc3 43. d4 Kf6 44. Rb4 Ra3 45. Kxc6 Rxa2 46. d5 Ke5 47. Rb5 Ra6+ 48. Kc5 Rd6 49. Kc4 Rd8 50. Rc5 Rd7 51. Rc8 Ke4 52. Re8+ Kf5 53. Kc5 Rc7+ 54. Kb6 Rc1 55. d6 Rd1 56. Kc7 Rc1+ 57. Kd8 Rd1 58. d7 Kf6 59. Kc8 1-0

[Event "Banff op"]
[Site "Banff"]
[Date "2016.11.11"]
[Round "1"]
[White "Sequillion, Aaron"]
[Black "Wei, Daniel"]
[Result "1/2-1/2"]
[WhiteElo "2092"]
[BlackElo "1693"]
[PlyCount "68"]
[EventDate "2016.11.11"]
[EventType "swiss"]
[EventRounds "6"]
[EventCountry "CAN"]
[SourceTitle "EXT 2018"]
[Source "ChessBase"]
[SourceDate "2017.10.13"]
[SourceVersion "1"]
[SourceVersionDate "2017.10.13"]
[SourceQuality "1"]

1. e4 e5 2. f4 exf4 3. Bc4 g5 4. h4 h6 5. hxg5 Qxg5 6. Qe2 Bg7 7. Nc3 Ne7 8. d3 0-0 9. Bd2 d6 10. 0-0-0 c6 11. Nh3 Bxh3 12. gxh3 Nd7 13. Rdf1 Ng6 14. h4 Qe7 15. Bb3 Nc5 16. h5 f3 17. Rxf3 Ne5 18. Rg3 Kh8 19. Rhg1 Rg8 20. d4 Nxb3+ 21. axb3 Nd7 22. Qg2 Qf8 23. Qh3 Qe7 24. Qg2 Qf8 25. Qf2 Qe7 26. Be3 Nf6 27. Qd2 Kh7 28. Qd3 Kh8 29. e5 dxe5 30. dxe5 Qxe5 31. Bd4 Qf4+ 32. Be3 Qe5 33. Bd4 Qf4+ 34. Be3 Qe5 1/2-1/2

[Event "Calgary Alberta op"]
[Site "Calgary"]
[Date "2014.10.12"]
[Round "3.1"]
[White "Porper, Edward"]
[Black "Sequillion, Aaron"]
[Result "1-0"]
[WhiteElo "2427"]
[BlackElo "2073"]
[PlyCount "65"]
[EventDate "2014.10.11"]
[EventType "swiss"]
[EventRounds "6"]
[EventCountry "CAN"]
[SourceTitle "EXT 2022"]
[Source "ChessBase"]
[SourceDate "2021.10.06"]
[SourceVersion "1"]
[SourceVersionDate "2021.10.06"]
[SourceQuality "1"]

1. d4 Nf6 2. c4 g6 3. Nc3 Bg7 4. e4 d6 5. Be2 0-0 6. Nf3 e5 7. 0-0 Nc6 8. d5 Ne7 9. Ne1 Nd7 10. Be3 f5 11. f3 f4 12. Bf2 g5 13. Nd3 b6 14. b4 a5 15. c5 axb4 16. cxd6 bxc3 17. dxe7 Qxe7 18. Qb3 Qa3 19. Rfc1 Qxb3 20. axb3 Ba6 21. Rab1 Rfc8 22. Rxc3 Bf8 23. b4 Bd6 24. Be1 Bb7 25. Nf2 Ba6 26. Nd3 Bb7 27. Rbc1 Ba6 28. R3c2 h6 29. Rb1 Bb7 30. Nb2 Ra2 31. Bc4 Raa8 32. Bb5 Nf6 33. Nc4 1-0

[Event "Medicine Hat op"]
[Site "Medicine Hat"]
[Date "2014.09.20"]
[Round "2.2"]
[White "Panteluk, Steven"]
[Black "Sequillion, Aaron"]
[Result "0-1"]
[WhiteElo "1781"]
[BlackElo "2247"]
[PlyCount "50"]
[EventDate "2014.09.20"]
[EventType "swiss"]
[EventRounds "5"]
[EventCountry "CAN"]
[SourceTitle "EXT 2022"]
[Source "ChessBase"]
[SourceDate "2021.10.06"]
[SourceVersion "1"]
[SourceVersionDate "2021.10.06"]
[SourceQuality "1"]

1. d4 Nf6 2. c4 c5 3. Nf3 cxd4 4. Nxd4 Nc6 5. Nc3 g6 6. g3 Bg7 7. Bg2 0-0 8. 0-0 Qa5 9. a3 Qc5 10. Nxc6 dxc6 11. b3 Qh5 12. f3 Ne4 13. fxe4 Bxc3 14. Ra2 Bh3 15. Be3 Rad8 16. Qc1 Bd4 17. Bxd4 Rxd4 18. Bf3 Qc5 19. Rf2 Rfd8 20. e3 Rd3 21. Be2 Rxb3 22. Bf1 Bxf1 23. Kxf1 Qxe3 24. Qc2 Rc3 25. Qb2 Rd1+ 0-1

[Event "Medicine Hat op"]
[Site "Medicine Hat"]
[Date "2014.09.20"]
[Round "3.1"]
[White "Sequillion, Aaron"]
[Black "Miller, David"]
[Result "1/2-1/2"]
[WhiteElo "2247"]
[BlackElo "2249"]
[PlyCount "124"]
[EventDate "2014.09.20"]
[EventType "swiss"]
[EventRounds "5"]
[EventCountry "CAN"]
[SourceTitle "EXT 2022"]
[Source "ChessBase"]
[SourceDate "2021.10.06"]
[SourceVersion "1"]
[SourceVersionDate "2021.10.06"]
[SourceQuality "1"]

1. d4 Nf6 2. c4 d6 3. Nf3 g6 4. Nc3 Bg7 5. e4 0-0 6. Be2 e5 7. 0-0 Nc6 8. d5 Ne7 9. b4 Ne8 10. Re1 f5 11. Ng5 h6 12. Ne6 Bxe6 13. dxe6 fxe4 14. Nxe4 Nf6 15. Bf3 Nxe4 16. Bxe4 c6 17. Qd3 Rf6 18. Rd1 Rxe6 19. b5 Rf6 20. Ba3 Qb6 21. c5 dxc5 22. Rab1 Qc7 23. Bxc5 Nf5 24. bxc6 bxc6 25. Qa6 Nd4 26. Rb7 Qc8 27. Rdb1 Qg4 28. f3 Qc8 29. Be7 Re6 30. Qc4 Kh8 31. Bc5 a5 32. a4 Qd8 33. Kh1 Qf6 34. Rd7 Nf5 35. Rbb7 Rg8 36. Qc1 Qh4 37. Kg1 Qf4 38. Qxf4 exf4 39. Bxf5 gxf5 40. Rxg7 Rxg7 41. Bd4 Reg6 42. Bxg7+ Rxg7 43. Rb8+ Rg8 44. Rb6 Rc8 45. Kf1 Kg7 46. Ra6 c5 47. Ke1 c4 48. Kd1 Rc5 49. Kc2 Re5 50. Kd2 Rc5 51. Kc3 Re5 52. Kxc4 Re2 53. Kd4 Rxg2 54. Ke5 Rxh2 55. Kxf5 Rh5+ 56. Kxf4 Rc5 57. Kg3 h5 58. f4 Rd5 59. Kh4 Rf5 60. Kg3 Rc5 61. Kh4 Rf5 62. Kg3 Rc5 1/2-1/2

[Event "Medicine Hat op"]
[Site "Medicine Hat"]
[Date "2014.09.20"]
[Round "1.2"]
[White "Sequillion, Aaron"]
[Black "Steele, Len"]
[Result "1-0"]
[WhiteElo "2247"]
[BlackElo "1723"]
[PlyCount "33"]
[EventDate "2014.09.20"]
[EventType "swiss"]
[EventRounds "5"]
[EventCountry "CAN"]
[SourceTitle "EXT 2022"]
[Source "ChessBase"]
[SourceDate "2021.10.06"]
[SourceVersion "1"]
[SourceVersionDate "2021.10.06"]
[SourceQuality "1"]

1. e4 d5 2. exd5 Qxd5 3. Nc3 Qd8 4. d4 Nf6 5. Nf3 Bg4 6. h3 Bh5 7. g4 Bg6 8. Ne5 Nbd7 9. Nxg6 hxg6 10. g5 Nh5 11. d5 Nb6 12. Be3 a6 13. Qf3 Qd6 14. 0-0-0 f5 15. gxf6 gxf6 16. Ne4 Qe5 17. Qg4 1-0

[Event "Edmonton Over 1800"]
[Site "Edmonton"]
[Date "2014.08.31"]
[Round "4"]
[White "Sequillion, Aaron"]
[Black "Cheng, Louis"]
[Result "1/2-1/2"]
[WhiteElo "2184"]
[BlackElo "2093"]
[PlyCount "159"]
[EventDate "2014.08.30"]
[EventType "swiss"]
[EventRounds "5"]
[EventCountry "CAN"]
[SourceTitle "EXT 2022"]
[Source "ChessBase"]
[SourceDate "2021.10.06"]
[SourceVersion "1"]
[SourceVersionDate "2021.10.06"]
[SourceQuality "1"]

1. e4 c5 2. Nf3 d6 3. d4 cxd4 4. Nxd4 g6 5. Nc3 Bg7 6. Be3 Nf6 7. f3 Nc6 8. Bc4 0-0 9. Qd2 Qa5 10. 0-0-0 Nxd4 11. Bxd4 Be6 12. Bxe6 fxe6 13. h4 Nh5 14. Bxg7 Kxg7 15. Kb1 Qe5 16. Qg5 Qxg5 17. hxg5 Kg8 18. e5 d5 19. Nb5 Ng7 20. Nd4 Rac8 21. Rh3 Rf7 22. Rdh1 Nh5 23. Nxe6 Rf5 24. g4 Rxe5 25. gxh5 Rxe6 26. hxg6 Rxg6 27. Rxh7 Rc7 28. f4 d4 29. b3 a5 30. R1h5 Rd7 31. f5 Rxg5 32. Rh8+ Kg7 33. Rxg5+ Kxh8 34. Kc1 Rd5 35. Rg4 b5 36. Kd2 Rxf5 37. Rxd4 Kg7 38. Rd7 Kf6 39. Ra7 b4 40. Kd3 Rc5 41. Kd4 Rh5 42. Ra6+ e6 43. c4 bxc3 44. Kxc3 Rd5 45. a3 Kf5 46. Kc4 Ke5 47. Rb6 Kf5 48. a4 Ke5 49. Rb5 Kd6 50. Rb6+ Ke5 51. Ra6 Kf5 52. Ra7 Ke5 53. Rf7 Rd4+ 54. Kc5 Rb4 55. Ra7 Rxb3 56. Rxa5 Re3 57. Kb6+ Kd6 58. Rb5 Rc3 59. a5 Rc6+ 60. Kb7 Rc7+ 61. Kb8 Re7 62. a6 Kc6 63. Rb7 Re8+ 64. Ka7 e5 65. Rb6+ Kc7 66. Rb7+ Kc6 67. Rb8 Re7+ 68. Rb7 Re8 69. Rb6+ Kc7 70. Rb1 e4 71. Rc1+ Kd6 72. Kb6 Rb8+ 73. Ka5 Rb2 74. a7 Ra2+ 75. Kb6 e3 76. Rd1+ Ke5 77. Rd8 Ke4 78. a8Q+ Rxa8 79. Rxa8 Kf3 80. Re8 1/2-1/2

[Event "Edmonton Over 1800"]
[Site "Edmonton"]
[Date "2014.08.30"]
[Round "1"]
[White "Razzaq, Ali"]
[Black "Sequillion, Aaron"]
[Result "0-1"]
[WhiteElo "1969"]
[BlackElo "2184"]
[PlyCount "60"]
[EventDate "2014.08.30"]
[EventType "swiss"]
[EventRounds "5"]
[EventCountry "CAN"]
[SourceTitle "EXT 2022"]
[Source "ChessBase"]
[SourceDate "2021.10.06"]
[SourceVersion "1"]
[SourceVersionDate "2021.10.06"]
[SourceQuality "1"]

1. d4 Nf6 2. Nf3 c5 3. Bf4 cxd4 4. Qxd4 Nc6 5. Qa4 d6 6. e3 Bd7 7. Be2 e5 8. Bg5 Nd4 9. Qc4 d5 10. Bxf6 gxf6 11. Qxd5 Nxc2+ 12. Kf1 Bc6 13. Qd2 Nxa1 14. Qc1 Rc8 15. Nc3 b5 16. Qxa1 b4 17. Nb5 Qd7 18. a4 a6 19. Nbd4 exd4 20. Nxd4 Rg8 21. f3 Bb7 22. Kf2 f5 23. Qb1 f4 24. Qxh7 fxe3+ 25. Kxe3 Rxg2 26. Re1 Bg7 27. Nf5 Qe6+ 28. Kd2 Qd5+ 29. Ke3 Qe5+ 30. Kd3 Rd8+ 0-1

[Event "Edmonton Over 1800"]
[Site "Edmonton"]
[Date "2014.08.30"]
[Round "2"]
[White "Sequillion, Aaron"]
[Black "Miller, David"]
[Result "1-0"]
[WhiteElo "2184"]
[BlackElo "2261"]
[PlyCount "65"]
[EventDate "2014.08.30"]
[EventType "swiss"]
[EventRounds "5"]
[EventCountry "CAN"]
[SourceTitle "EXT 2022"]
[Source "ChessBase"]
[SourceDate "2021.10.06"]
[SourceVersion "1"]
[SourceVersionDate "2021.10.06"]
[SourceQuality "1"]

1. e4 e6 2. d4 d5 3. Nd2 c5 4. Ngf3 cxd4 5. exd5 Qxd5 6. Bc4 Qd8 7. Nb3 Bb4+ 8. Bd2 Bd6 9. Nbxd4 a6 10. Qe2 Ne7 11. 0-0-0 Nbc6 12. Nxc6 Nxc6 13. Kb1 Qc7 14. Bc3 0-0 15. Qe4 Be7 16. h4 b5 17. Ng5 g6 18. Nxe6 Bxe6 19. Bxe6 fxe6 20. Qxe6+ Rf7 21. Rd7 Qc8 22. Rxe7 Nxe7 23. Qe5 Kf8 24. Qh8+ Ng8 25. Bb4+ Re7 26. Re1 Raa7 27. Re4 Kf7 28. Rf4+ Ke6 29. Qd4 Qc7 30. Qe4+ Kd7 31. Qd5+ Ke8 32. Qxg8+ Kd7 33. Bxe7 1-0

[Event "Edmonton Reserves"]
[Site "Edmonton"]
[Date "2014.06.28"]
[Round "2"]
[White "Willis, Bradley"]
[Black "Sequillion, Aaron"]
[Result "0-1"]
[WhiteElo "2042"]
[BlackElo "2216"]
[PlyCount "80"]
[EventDate "2014.06.28"]
[EventType "swiss"]
[EventRounds "5"]
[EventCountry "CAN"]
[SourceTitle "EXT 2022"]
[Source "ChessBase"]
[SourceDate "2021.10.06"]
[SourceVersion "1"]
[SourceVersionDate "2021.10.06"]
[SourceQuality "1"]

1. e4 c5 2. Nc3 a6 3. g3 b5 4. Bg2 Bb7 5. d3 e6 6. a4 b4 7. Nce2 d5 8. e5 Qc7 9. f4 Nd7 10. Nf3 Ne7 11. 0-0 h5 12. c3 a5 13. h3 Nf5 14. g4 hxg4 15. hxg4 Nh4 16. Nxh4 Rxh4 17. Ng3 0-0-0 18. d4 Kb8 19. Bd2 Qb6 20. Be1 Rh8 21. cxb4 axb4 22. b3 Ba6 23. Rf3 cxd4 24. Bf2 Bc5 25. Bf1 Bxf1 26. Kxf1 g5 27. Nh5 gxf4 28. Rxf4 Nxe5 29. Bxd4 Bxd4 30. Qxd4 Qxd4 31. Rxd4 Nc6 32. Rf4 f5 33. Ng3 Rh4 34. Rc1 Kb7 35. Re1 Rd6 36. Nxf5 exf5 37. Rxf5 Rxg4 38. Rd1 Rd4 39. Rf7+ Kb6 40. Rc1 Rd3 0-1

[Event "Edmonton-B"]
[Site "Edmonton"]
[Date "2014.06.25"]
[Round "5"]
[White "Zeggelaar, Mike"]
[Black "Sequillion, Aaron"]
[Result "0-1"]
[WhiteElo "2011"]
[BlackElo "2214"]
[PlyCount "78"]
[EventDate "2014.06.21"]
[EventType "tourn"]
[EventRounds "5"]
[EventCountry "CAN"]
[SourceTitle "EXT 2022"]
[Source "ChessBase"]
[SourceDate "2021.10.06"]
[SourceVersion "1"]
[SourceVersionDate "2021.10.06"]
[SourceQuality "1"]

1. e4 c5 2. Nf3 d6 3. d4 cxd4 4. Nxd4 Nf6 5. Nc3 a6 6. Bg5 Nc6 7. Qd2 Bd7 8. Be2 e6 9. 0-0 Be7 10. Rad1 0-0 11. f4 Qc7 12. Nf3 Rfd8 13. Bxf6 Bxf6 14. Kh1 Be8 15. Bd3 Rac8 16. Ng5 h6 17. Nf3 Nb4 18. Ne2 Nxd3 19. cxd3 Qc2 20. Ned4 Bxd4 21. Nxd4 Qa4 22. b4 a5 23. Rb1 Bd7 24. Rb2 Rc7 25. Nf3 Rdc8 26. bxa5 Rc2 27. Qb4 Rc1 28. Nd2 Rxf1+ 29. Nxf1 Rc1 30. Kg1 Qd1 31. Rf2 Qxd3 32. Qd2 Qxd2 33. Rxd2 Bb5 34. Rf2 Re1 35. a4 Ba6 36. g3 Rxe4 37. Rd2 Re1 38. Rf2 Kf8 39. Kg2 Bxf1+ 0-1

[Event "Edmonton-B"]
[Site "Edmonton"]
[Date "2014.06.23"]
[Round "3"]
[White "Salehian, Mohammad"]
[Black "Sequillion, Aaron"]
[Result "0-1"]
[WhiteElo "1859"]
[BlackElo "2214"]
[PlyCount "144"]
[EventDate "2014.06.21"]
[EventType "tourn"]
[EventRounds "5"]
[EventCountry "CAN"]
[SourceTitle "EXT 2022"]
[Source "ChessBase"]
[SourceDate "2021.10.06"]
[SourceVersion "1"]
[SourceVersionDate "2021.10.06"]
[SourceQuality "1"]

1. d4 Nf6 2. Nf3 g6 3. c4 Bg7 4. Nc3 0-0 5. e4 d6 6. Be2 e5 7. Be3 Ng4 8. Bg5 f6 9. Bh4 Nd7 10. d5 a5 11. Nd2 Nh6 12. f3 Nc5 13. 0-0 Bd7 14. Nb3 b6 15. Nb5 Bxb5 16. cxb5 Qe8 17. Nd2 f5 18. b3 Nf7 19. a3 Bh6 20. Rb1 Bxd2 21. Qxd2 fxe4 22. b4 exf3 23. Bxf3 axb4 24. axb4 e4 25. Be2 Nd3 26. Bxd3 exd3 27. Qxd3 Ne5 28. Rxf8+ Qxf8 29. Qc3 Qf7 30. Rf1 Qd7 31. Bg3 Re8 32. Re1 Qxb5 33. Qxc7 Qxb4 34. Rf1 Qc5+ 35. Qxc5 bxc5 36. Rf6 Rd8 37. Re6 Nf7 38. Kf1 Kf8 39. h4 Rd7 40. Bh2 c4 41. Bf4 c3 42. Ke1 Re7 43. Kd1 Rxe6 44. dxe6 Ne5 45. Bg5 Nc6 46. Kc2 Nd4+ 47. Kxc3 Nxe6 48. Bh6+ Kf7 49. Kc4 Nc7 50. Kd4 Ke6 51. Ke4 d5+ 52. Kf4 Ne8 53. g4 Nd6 54. Bf8 Ne4 55. Bb4 h6 56. Bf8 g5+ 57. Kf3 gxh4 58. Bxh6 Ke5 59. Bg7+ Ke6 60. Bd4 h3 61. Bb2 Kd6 62. Bd4 Kc6 63. Bg1 Kb5 64. g5 Nxg5+ 65. Kg4 d4 66. Kg3 Kc4 67. Bxd4 Kxd4 68. Kh2 Ke3 69. Kh1 Kf3 70. Kh2 Kg4 71. Kh1 Kg3 72. Kg1 Ne4 0-1

[Event "Edmonton int qual"]
[Site "Edmonton"]
[Date "2014.05.31"]
[Round "2"]
[White "Sequillion, Aaron"]
[Black "Purewal, Sardul"]
[Result "1-0"]
[WhiteElo "2180"]
[BlackElo "1954"]
[PlyCount "59"]
[EventDate "2014.05.31"]
[EventType "swiss"]
[EventRounds "5"]
[EventCountry "CAN"]
[SourceTitle "EXT 2022"]
[Source "ChessBase"]
[SourceDate "2021.10.06"]
[SourceVersion "1"]
[SourceVersionDate "2021.10.06"]
[SourceQuality "1"]

1. e4 c6 2. d4 d5 3. f3 dxe4 4. fxe4 Nf6 5. e5 Ng8 6. Nf3 Bg4 7. Be2 e6 8. 0-0 Be7 9. c4 Nh6 10. Bxh6 gxh6 11. Nc3 Nd7 12. Qd2 Bxf3 13. Bxf3 Nxe5 14. Bh5 Ng6 15. Rad1 Bg5 16. Qf2 0-0 17. g3 Qa5 18. d5 cxd5 19. cxd5 exd5 20. Rxd5 Qc7 21. Ne4 Qc4 22. Qf3 Rad8 23. Rxd8 Rxd8 24. Nxg5 hxg5 25. Qxb7 Qc5+ 26. Kh1 Qd5+ 27. Qxd5 Rxd5 28. Kg2 Ne5 29. Rf5 h6 30. Bxf7+ 1-0

[Event "Red Deer op"]
[Site "Red Deer"]
[Date "2014.05.18"]
[Round "5.2"]
[White "Pechenkin, Vladimir"]
[Black "Sequillion, Aaron"]
[Result "1-0"]
[WhiteElo "2382"]
[BlackElo "2213"]
[PlyCount "36"]
[EventDate "2014.05.17"]
[EventType "swiss"]
[EventRounds "5"]
[EventCountry "CAN"]
[SourceTitle "EXT 2022"]
[Source "ChessBase"]
[SourceDate "2021.10.06"]
[SourceVersion "1"]
[SourceVersionDate "2021.10.06"]
[SourceQuality "1"]

1. c4 g6 2. Nc3 Bg7 3. g3 c5 4. Bg2 Nc6 5. Nf3 e5 6. 0-0 Nge7 7. a3 0-0 8. Rb1 d5 9. cxd5 Nxd5 10. Nxe5 Nxc3 11. Nxc6 Nxe2+ 12. Qxe2 bxc6 13. d3 Bf5 14. Rd1 Qd7 15. Be3 Rfe8 16. Qc2 Bd4 17. Bxd4 Qxd4 18. Bxc6 c4 1-0

[Event "Red Deer op"]
[Site "Red Deer"]
[Date "2014.05.18"]
[Round "4.2"]
[White "Taranik, Alexey"]
[Black "Sequillion, Aaron"]
[Result "1/2-1/2"]
[WhiteElo "1617"]
[BlackElo "2213"]
[PlyCount "115"]
[EventDate "2014.05.17"]
[EventType "swiss"]
[EventRounds "5"]
[EventCountry "CAN"]
[SourceTitle "EXT 2022"]
[Source "ChessBase"]
[SourceDate "2021.10.06"]
[SourceVersion "1"]
[SourceVersionDate "2021.10.06"]
[SourceQuality "1"]

1. c4 Nf6 2. g3 g6 3. Bg2 Bg7 4. Nc3 0-0 5. e4 d6 6. Nge2 e5 7. 0-0 Nc6 8. d3 a5 9. h3 Nd7 10. Be3 Nd4 11. Qd2 Nc5 12. Bxd4 exd4 13. Nb5 Ne6 14. Rab1 c6 15. Na3 f5 16. f4 Nc5 17. Rbe1 Re8 18. Nc1 Qf6 19. Re2 Bd7 20. Rfe1 h5 21. h4 Kh7 22. Bf3 a4 23. Qc2 Rec8 24. e5 dxe5 25. Rxe5 Qd6 26. R5e2 Re8 27. Rxe8 Rxe8 28. Rxe8 Bxe8 29. Qe2 Bd7 30. Nb1 b5 31. b4 axb3 32. axb3 bxc4 33. bxc4 Na4 34. Nd2 Nc3 35. Qe1 Bf6 36. Kf2 Kg7 37. Ncb3 Qb4 38. Qa1 Na4 39. Bg2 Qe7 40. Qe1 Qa3 41. Qa1 Qb4 42. Bf3 Kh6 43. Bg2 Nc5 44. Nxc5 Qxd2+ 45. Kf1 Be8 46. Qe1 Qxe1+ 47. Kxe1 Be7 48. Ne6 Bb4+ 49. Ke2 c5 50. Nd8 Ba4 51. Nc6 Bc3 52. Ne5 Kg7 53. Bc6 Bxc6 54. Nxc6 Kf6 55. Ne5 Bb4 56. Nd7+ Ke7 57. Ne5 Kf6 58. Nd7+ 1/2-1/2

[Event "Red Deer op"]
[Site "Red Deer"]
[Date "2014.05.17"]
[Round "3.1"]
[White "Sequillion, Aaron"]
[Black "Miller, David"]
[Result "0-1"]
[WhiteElo "2213"]
[BlackElo "2145"]
[PlyCount "52"]
[EventDate "2014.05.17"]
[EventType "swiss"]
[EventRounds "5"]
[EventCountry "CAN"]
[SourceTitle "EXT 2022"]
[Source "ChessBase"]
[SourceDate "2021.10.06"]
[SourceVersion "1"]
[SourceVersionDate "2021.10.06"]
[SourceQuality "1"]

1. d4 Nf6 2. c4 e6 3. Nf3 d5 4. Nc3 Be7 5. e3 0-0 6. Bd3 c5 7. 0-0 Nc6 8. b3 cxd4 9. exd4 Qa5 10. Bb2 a6 11. c5 Nb4 12. Bb1 Bd7 13. a3 Nc6 14. Qd3 Qc7 15. b4 g6 16. Re1 Rfe8 17. Ne5 Nxe5 18. dxe5 Nh5 19. Ne2 f5 20. exf6 Bxf6 21. Bxf6 Nxf6 22. f4 e5 23. fxe5 Qxe5 24. Ba2 Bb5 25. Qf3 Bxe2 26. Rxe2 Qxa1+ 0-1

[Event "Red Deer op"]
[Site "Red Deer"]
[Date "2014.05.17"]
[Round "1.2"]
[White "Sequillion, Aaron"]
[Black "Scholz, Mike"]
[Result "1-0"]
[WhiteElo "2213"]
[BlackElo "1329"]
[PlyCount "35"]
[EventDate "2014.05.17"]
[EventType "swiss"]
[EventRounds "5"]
[EventCountry "CAN"]
[SourceTitle "EXT 2022"]
[Source "ChessBase"]
[SourceDate "2021.10.06"]
[SourceVersion "1"]
[SourceVersionDate "2021.10.06"]
[SourceQuality "1"]

1. d4 Nf6 2. c4 e6 3. Nf3 Bb4+ 4. Bd2 Bxd2+ 5. Nbxd2 0-0 6. e4 d6 7. Bd3 Ne8 8. Qc2 g6 9. 0-0-0 Nd7 10. h4 Ng7 11. e5 dxe5 12. dxe5 Nc5 13. Ne4 Qe7 14. Nf6+ Kh8 15. h5 Nxd3+ 16. Qxd3 b5 17. hxg6 fxg6 18. Rxh7# 1-0